Teoría de control: diseño electrónico

Wedi'i Gadw mewn:
Manylion Llyfryddiaeth
Prif Awduron: Gomáriz Castro, Spartacus (Awdur), Biel Solé, Domingo (Awdur), Matas Alcalá, José (Awdur), Reyes Moreno, Miguel (Awdur)
Fformat: Llyfr
Iaith:Sbaeneg
Cyhoeddwyd: Ciudad de México Alfaomega 1999
Pynciau:
Tagiau: Ychwanegu Tag
Dim Tagiau, Byddwch y cyntaf i dagio'r cofnod hwn!

MARC

LEADER 00000nam a2200000 a 4500
001 UCO8734
003 CL-VaPUC
008 001221e19990000MX |||||||||||||||||spa|d
082 0 4 |a 629.8312  |b GOM  |2 21 
100 0 |a Gomáriz Castro, Spartacus  |e author  |9 453585 
700 0 |a Biel Solé, Domingo  |e author  |9 453586 
700 0 |a Matas Alcalá, José  |e author  |9 453587 
700 0 |a Reyes Moreno, Miguel  |e author  |9 453588 
245 1 0 |a Teoría de control: diseño electrónico 
300 |a 392 p 
942 |c BK 
945 |d 20001221 00:00:00  |a cmena 
260 |a Ciudad de México  |b Alfaomega  |c 1999 
650 0 |a Control automático  |9 259890 
650 7 |a DISEÑO ELECTRONICO  |2 CL-VaPUC  |9 453589 
650 0 |a Sistemas de control  |9 263596 
583 |a last modification  |c 20001221 00:00:00  |k Rodrigo Vera 
999 |c 293203  |d 293201